Statystyki dla Kierowcy F1 2005

Kliknij tutaj aby rozwiązać quiz!

Ogólne statystyki

  • Ten quiz został rozwiązany 25 razy
  • Średni wynik to 13 z 27

Statystyki odpowiedzi

ZespółKierowca% Poprawnych
Scuderia Ferrari MarlboroMichael Schumacher
95%
Ralf Schumacher
90%
Rubens Barrichello
86%
Mild Seven Renault F1 TeamFernando Alonso
81%
Team McLaren MercedesKimi Raikkonen
81%
Red Bull RacingDavid Coulthard
62%
Felipe Massa
62%
Panasonic Toyota RacingJarno Trulli
62%
Lucky Strike BAR HondaJenson Button
62%
Juan Pablo Montoya
62%
BMW WilliamsF1 TeamMark Webber
62%
Nick Heidfeld
57%
Takuma Sato
57%
Giancarlo Fisichella
52%
Sauber PetronasJacques Villeneuve
48%
Pedro de la Rosa
43%
Jordan Grand PrixTiago Monteiro
43%
Christian Klien
38%
Christijan Albers
38%
Alexander Wurz
29%
Narain Karthikeyan
29%
Ricardo Zonta
24%
Vitantonio Liuzzi
24%
Antonio Pizzonia
19%
Anthony Davidson
14%
Robert Doornbos
14%
Minardi F1 TeamPatrick Friesacher
10%

Rozkład punktacji

Percentyl według liczby udzielonych odpowiedzi

Procent ludzi z każdym wynikiem

Twoja historia wyników

Nie rozwiązałeś tego quizu